000 00258nam a2200109Ia 4500
008 200302s9999 xx 000 0 und d
100 _aAlex Sanchez Vidiella
245 _aLow Budget Houses
260 _bLoft Publications
260 _c2011
300 _a599 P.,
999 _c3108
_d3108